La dipendenza sessuale da Internet e la sua incidenza in ordine alla capacità consensuale matrimoniale

Gardado en:
Detalles Bibliográficos
Autor Principal: Asero, Carmelo Salvatore (Author)
Formato: Libro
Idioma:Lingua italiana
Publicado: Ciudad del Vaticano Pontificia Università Lateranense 2014
Edición:1a. ed
Subjects:
Tags: Engadir etiqueta
Sen Etiquetas, Sexa o primeiro en etiquetar este rexistro!

MARC

LEADER 00000cam a2200000 a 4500
001 UCE6161
003 CL-VaPUC
008 150326e20140000vc |||||||||||||||||ita|d
020 |a 9788846508928 
082 0 4 |a 233.5  |b ASE  |2 21 
100 0 |a Asero, Carmelo Salvatore  |e author  |9 578798 
245 1 3 |a La dipendenza sessuale da Internet e la sua incidenza in ordine alla capacità consensuale matrimoniale 
250 |a 1a. ed 
300 |a 237 p 
942 |c BK 
945 |d 20150326 13:02:00  |a dcastane 
260 |a Ciudad del Vaticano  |b Pontificia Università Lateranense  |c 2014 
650 7 |a SEXUALIDAD HUMANA  |2 CL-VaPUC  |9 395306 
650 0 |a Iglesia Católica  |9 256114 
650 0 |a Educación sexual  |9 308005 
650 0 |a Internet   |9 254823 
650 7 |a PORNOGRAFIA  |2 CL-VaPUC  |9 255611 
583 |a last modification  |c 20150326 13:02:00  |k Rodrigo Vera 
999 |c 358569  |d 358567 
952 |0 0  |1 0  |3 erb  |4 0  |6 233_500000000000000_ASE_2014  |7 0  |8 DER_HDC  |9 467376  |a BIBDER  |b BIBDER  |i 5142911  |l 1  |o 233.5 ASE 2014  |p 5142911  |r 2023-01-25  |s 2020-03-16  |w 2019-11-23  |x Ubicación 4to Piso  |y BK  |z Estos recursos deben solicitarse con anticipación  |k DER